| 000 | 00737nam a22001577a 4500 | ||
|---|---|---|---|
| 999 |
_c10779 _d10779 |
||
| 003 | FranzMayer | ||
| 005 | 20190828123745.0 | ||
| 008 | 190828b ||||| |||| 00| 0 spa d | ||
| 040 | _cFranz | ||
| 245 | _aAl señor D. Gregorio Altamirano Portocarrero, cavallero de la Orden de Santiago, de el Consejo de su Magestad en el de Hazienda y su contaduría mayor, contador mayor de la orden, y cavallería de Alcantara, &c. | ||
| 300 |
_a[2], 274 h. _c30 x 21 cm. |
||
| 500 | _aIncluye elenco de las materias que se añaden en esta primera parte. | ||
| 500 | _aEstado físico: en mal estado. Se encuentra en el Área de Restauración. Encuadernación en pergamino. | ||
| 600 |
_aAltamirano Portocarrero, Gregorio _928342 |
||
| 942 |
_2lcc _cB |
||